| Tag |
First Indicator |
Second Indicator |
Subfields |
| LEADER |
00000cam a22000007a 4500 |
| 001 |
in00000006279 |
| 008 |
991028s1999 dcu b f000 0 eng d |
| 005 |
20230331144303.5 |
| 027 |
|
|
|a NUREG/CR 6642
|
| 035 |
|
|
|a (OCoLC)42724747
|
| 035 |
|
|
|9 AJL4359AM
|
| 035 |
|
|
|a in00000006279
|
| 040 |
|
|
|a DGPO
|c DGPO
|d DLC
|d MvI
|d UtOrBLW
|
| 049 |
|
|
|a UMIC
|a WWW
|
| 074 |
|
|
|a 1051-H-11 (MF)
|
| 074 |
|
|
|a 1051-H-11 (online)
|
| 086 |
0 |
|
|a Y 3.N 88:25/6642
|
| 245 |
0 |
0 |
|a Risk analysis and evaluation of regulatory options for nuclear byproduct material systems :
|b draft report for comment /
|c prepared by E.R. Schmidt [and others].
|
| 264 |
|
1 |
|a Washington, DC :
|b Division of Industrial and Medical Nuclear Safety, Office of Nuclear Material Safety and Safeguards, U.S. Nuclear Regulatory Commission,
|c 1999.
|
| 300 |
|
|
|a 1 volume
|
| 336 |
|
|
|a text
|b txt
|2 rdacontent
|
| 337 |
|
|
|a microform
|b h
|2 rdamedia
|
| 338 |
|
|
|a microfiche
|b he
|2 rdacarrier
|
| 500 |
|
|
|a Shipping list number: 99-0965-M.
|
| 500 |
|
|
|a Shipping List Date: 11/01/1999
|
| 530 |
|
|
|a Also available via Internet from the NUREG web site. Address as of 11/10/99: http://www.nrc.gov/NRC/NUREGS/CR6642/index.html; current access is available via PURL.
|
| 533 |
|
|
|a Microfiche.
|b [Washington, D.C.] :
|c Supt. of Docs., U.S. G.P.O.,
|d [1999]
|e 13 microfiches.
|
| 500 |
|
|
|a Microform.
|
| 650 |
|
0 |
|a Radioactive substances
|x Safety regulations
|z United States.
|
| 700 |
1 |
|
|a Schmidt, E. R.
|
| 710 |
2 |
|
|a U.S. Nuclear Regulatory Commission.
|b Division of Industrial and Medical Nuclear Safety.
|
| 856 |
4 |
1 |
|u https://purl.fdlp.gov/GPO/LPS3053
|z PURL access list of NRC contract reports (NUREG/CRs) from which a link may be made to the title desired
|t 0
|
| 999 |
|
|
|a MARS
|
| 999 |
f |
f |
|i 006e9682-fc6f-31d0-9f9f-aea5e9f71115
|s 4d09352a-5400-3701-823a-37a16b568bc7
|t 0
|
| 952 |
f |
f |
|p normal
|a Texas A&M University
|b College Station
|c Sterling C. Evans Library
|d Evans: US Documents Microfiche (3rd floor)
|t 0
|e Y 3.N 88:25/6642
|h Superintendent of Documents classification
|i microform -- microfiche
|m A14824288512
|
| 952 |
f |
f |
|a Texas A&M University
|b College Station
|c Electronic Resources
|d Available Online
|t 0
|e Y 3.N 88:25/6642
|h Superintendent of Documents classification
|
| 998 |
f |
f |
|a Y 3.N 88:25/6642
|t 0
|l Evans: US Documents Microfiche (3rd floor)
|
| 998 |
f |
f |
|a Y 3.N 88:25/6642
|t 0
|l Available Online
|